<?xml version="1.0" encoding="UTF-8"?>
<record
    xmlns:xsi="http://www.w3.org/2001/XMLSchema-instance"
    xsi:schemaLocation="http://www.loc.gov/MARC21/slim http://www.loc.gov/standards/marcxml/schema/MARC21slim.xsd"
    xmlns="http://www.loc.gov/MARC21/slim">

  <leader>01054nam a2200193   4500</leader>
  <controlfield tag="003">CO-ViMGA</controlfield>
  <datafield tag="020" ind1=" " ind2=" ">
    <subfield code="a">9789585491274</subfield>
  </datafield>
  <datafield tag="040" ind1=" " ind2=" ">
    <subfield code="a">CO-ViMGA</subfield>
    <subfield code="b">spa</subfield>
    <subfield code="c">CO-ViMGA</subfield>
  </datafield>
  <datafield tag="082" ind1="0" ind2="4">
    <subfield code="a">808.883 </subfield>
    <subfield code="b">H557a</subfield>
  </datafield>
  <datafield tag="100" ind1="1" ind2=" ">
    <subfield code="a">Hern&#xE1;ndez Riquelme, Ignacia Antonia</subfield>
    <subfield code="d">2001-</subfield>
    <subfield code="9">1211</subfield>
  </datafield>
  <datafield tag="245" ind1="1" ind2="0">
    <subfield code="a">Atr&#xE9;vete a so&#xF1;ar /</subfield>
    <subfield code="c">Ignacia Antonia ; ilustrado por Crossa Grossa</subfield>
  </datafield>
  <datafield tag="260" ind1=" " ind2=" ">
    <subfield code="a">Bogota :</subfield>
    <subfield code="b">Montena, </subfield>
    <subfield code="c">2019</subfield>
  </datafield>
  <datafield tag="300" ind1=" " ind2=" ">
    <subfield code="a">140 p. :</subfield>
    <subfield code="b">il. ; color</subfield>
  </datafield>
  <datafield tag="520" ind1=" " ind2=" ">
    <subfield code="a">Cuando empec&#xE9; este diario ten&#xED;a clara una cosa: iba a contarlo todo. Mis momentos divertidos, pero tambi&#xE9;n los tristes. Lo bueno y lo malo que me pasara. &#xA1;Y as&#xED; lo hice! Nunca imagin&#xE9; la cantidad de sorpresas que me ten&#xED;a preparada la vida. Ahora, despu&#xE9;s de varias p&#xE1;ginas manchadas con l&#xE1;grimas y con sonrisas, solo puedo estar segura de que ning&#xFA;n sue&#xF1;o es demasiado grande si se lo desea con ganas. Gracias por acompa&#xF1;arme en este camino...tomado de la contraportada del libro</subfield>
  </datafield>
  <datafield tag="650" ind1="1" ind2="4">
    <subfield code="a">Autobiografia</subfield>
    <subfield code="9">1213</subfield>
  </datafield>
  <datafield tag="650" ind1="1" ind2="4">
    <subfield code="a">Diarios &#xED;ntimos</subfield>
    <subfield code="9">1212</subfield>
  </datafield>
  <datafield tag="700" ind1="1" ind2=" ">
    <subfield code="a">Grossa, Crossa</subfield>
    <subfield code="9">1214</subfield>
  </datafield>
  <datafield tag="942" ind1=" " ind2=" ">
    <subfield code="2">ddc</subfield>
    <subfield code="c">BK</subfield>
  </datafield>
  <datafield tag="999" ind1=" " ind2=" ">
    <subfield code="c">37384</subfield>
    <subfield code="d">37384</subfield>
  </datafield>
  <datafield tag="952" ind1=" " ind2=" ">
    <subfield code="0">0</subfield>
    <subfield code="1">0</subfield>
    <subfield code="2">ddc</subfield>
    <subfield code="4">0</subfield>
    <subfield code="7">0</subfield>
    <subfield code="8">003</subfield>
    <subfield code="a">MEVIECAR</subfield>
    <subfield code="b">MEVIECAR</subfield>
    <subfield code="d">2020-04-27</subfield>
    <subfield code="l">1</subfield>
    <subfield code="o">808.883 H557a</subfield>
    <subfield code="p">33453</subfield>
    <subfield code="r">2021-07-06 00:00:00</subfield>
    <subfield code="s">2021-06-16</subfield>
    <subfield code="w">2020-04-27</subfield>
    <subfield code="y">BK</subfield>
  </datafield>
  <datafield tag="952" ind1=" " ind2=" ">
    <subfield code="0">0</subfield>
    <subfield code="1">0</subfield>
    <subfield code="2">ddc</subfield>
    <subfield code="4">0</subfield>
    <subfield code="7">0</subfield>
    <subfield code="8">003</subfield>
    <subfield code="a">MEVIECAR</subfield>
    <subfield code="b">MEVIECAR</subfield>
    <subfield code="d">2020-04-27</subfield>
    <subfield code="l">0</subfield>
    <subfield code="o">808.883 H557a</subfield>
    <subfield code="p">33454</subfield>
    <subfield code="r">2020-04-27 00:00:00</subfield>
    <subfield code="w">2020-04-27</subfield>
    <subfield code="y">BK</subfield>
  </datafield>
</record>
